00337nam a2200133Ia 4500008004100000041000800041082001700049100002100066245002800087250001400115260003600129300002900165365000900194240624s9999 xx 000 0 und d aeng a658.1592 ADE aADELMAN PHILIP J aENTREPRENEURIAL FINANCE a(5th ed.) c2009aNew JerseybPrentice Hall ax, : 446 : p. : cm. ; 25 cb30